Statistics for Countries Bordering 'G' Countries

Click here to take the quiz!

General Stats

  • This quiz has been taken 411 times
    (401 since last reset)
  • The average score is 28 of 35

Answer Stats

Country% Correct
Poland
89%
France
88%
Senegal
88%
Austria
87%
Denmark
86%
Netherlands
85%
Turkey
85%
Mexico
84%
Belgium
83%
Belize
83%
Burkina Faso
82%
Honduras
82%
Luxembourg
82%
Guinea
81%
Czech Republic
80%
Switzerland
80%
Brazil
79%
Côte d'Ivoire
79%
El Salvador
79%
Guinea-Bissau
79%
Mali
79%
Albania
78%
Armenia
78%
Suriname
78%
Bulgaria
77%
Liberia
77%
R. Congo
77%
Sierra Leone
77%
Togo
77%
Macedonia
75%
Russia
75%
Azerbaijan
74%
Cameroon
72%
Equatorial Guinea
72%
Venezuela
69%

Score Distribution

Percentile by Number Answered

Percent of People with Each Score

Your Score History

You have not taken this quiz since the last reset